000 01078cam a2200313 a 4500
001 3452456
003 OSt
005 20140310182224.0
008 920127s1992 nyu 000 1 eng
010 _a 92052596
020 _a0060165529 :
_c$22.00 ($29.50 Can.)
040 _aDLC
_cDLC
_dDLC
_dOCoLC
_dDLC
043 _an-us-ca
050 0 0 _aPS 3563.A878
_b.M452 1995
082 0 0 _aFIC
_bM44m 1992
100 1 _aMaupin, Armistead.
_917627
245 1 0 _aMaybe the moon /
_cArmistead Maupin.
250 _a1st ed.
260 _aNew York :
_bHarperCollins,
_cc1995.
300 _a307 p. :
_c19 cm.
650 0 _aDwarfs
_vFiction.
_917628
650 0 _aEntertainers
_zCalifornia
_zLos Angeles
_vFiction.
_917629
651 0 _aHollywood (Los Angeles, Calif.)
_vFiction.
_917630
655 7 _aDidactic fiction.
_2gsafd
_92797
906 _a7
_bcbc
_corignew
_d1
_eocip
_f19
_gy-gencatlg
942 _2lcc
_cBK-FIC
999 _c10766
_d10766